[Event "1.FrauenBL 2016-17"]
[Site "Berlin"]
[Date "2017.04.29"]
[Round "11.1"]
[White "Richterova, Natasa"]
[Black "Fuchs, Judith"]
[Result "1/2-1/2"]
[WhiteElo "2210"]
[BlackElo "2274"]
[Annotator "ChessBase"]
[PlyCount "72"]
[EventDate "2017.??.??"]
[EventType "team-tourn"]
[EventCountry "GER"]
[SourceTitle "playchess.com"]
[Source "ChessBase"]
[SourceQuality "1"]
[WhiteTeam "SV Medizin Erfurt"]
[BlackTeam "Hamburger SK"]
[TimeControl "40/6000+30:3000+30"]

1. Nf3 {[%emt 1:30:20]} Nf6 {[%emt 1:30:19]} 2. c4 {[%emt 1:30:19]} c5 {[%emt 1:29:46]} 3. Nc3 {[%emt 1:27:37]} b6 {[%emt 1:29:55]} 4. e4 {[%emt 1:24:13]} d6 {[%emt 1:29:19]} 5. d4 {[%emt 1:29:19]} cxd4 {[%emt 1:29:22]} 6. Nxd4 {[%emt 1:29:22]} Bb7 {[%emt 1:23:34]} 7. Bd3 {[%emt 1:19:03]} g6 {[%emt 1:26:43]} 8. Be3 {[%emt 1:16:32]} Bg7 {[%emt 1:16:32]} 9. Rc1 {[%emt 1:13:50]} O-O {[%emt 1:26:07]} 10. O-O {[%emt 1:13:20]} Nc6 {[%emt 1:25:52]} 11. Nxc6 {[%emt 1:03:16]} Bxc6 {[%emt 1:26:11]} 12. h3 {[%emt 1:26:11]} Nd7 {[%emt 1:22:31]} 13. Qd2 {[%emt 0:56:18]} Rc8 {[%emt 0:56:18]} 14. Bh6 {[%emt 1:09:04]} Bb7 {[%emt 1:04:07]} 15. Bxg7 {[%emt 0:49:25]} Kxg7 {[%emt 1:04:34]} 16. b3 {[%emt 0:48:59]} Re8 {[%emt 0:59:54]} 17. Rfd1 {[%emt 0:48:04]} Nc5 {[%emt 0:53:37]} 18. Bb1 {[%emt 0:44:49]} Qc7 {[%emt 0:44:49]} 19. h4 {[%emt 0:39:26]} h5 {[%emt 0:42:08]} 20. Qd4+ {[%emt 0:36:01]} Kg8 {[%emt 0:39:27]} 21. Qe3 {[%emt 0:36:04]} Kg7 {[%emt 0:32:36]} 22. Nb5 {[%emt 0:30:06]} Qb8 {[%emt 0:32:29]} 23. Nd4 {[%emt 0:27:35]} Rg8 {[%emt 0:27:07]} 24. f3 {[%emt 0:23:19]} e5 {[%emt 0:23:44]} 25. Ne2 {[%emt 0:22:02]} Rge8 {[%emt 0:21:45]} 26. Rc2 {[%emt 0:21:45]} Rcd8 {[%emt 0:19:29]} 27. Rcd2 {[%emt 0:17:12]} Bc6 {[%emt 0:13:50]} 28. a4 {[%emt 0:13:51]} Qc7 {[%emt 0:12:48]} 29. Bc2 {[%emt 0:12:08]} Qe7 {[%emt 0:12:29]} 30. g3 {[%emt 0:12:26]} a5 {[%emt 0:09:44]} 31. Kh2 {[%emt 0:11:21]} Rf8 {[%emt 0:08:07]} 32. Re1 {[%emt 0:06:24]} Qb7 {[%emt 0:06:24]} 33. Rf1 {[%emt 0:06:03]} Qe7 {[%emt 0:06:03]} 34. Re1 {[%emt 0:05:53]} Qb7 {[%emt 0:05:26]} 35. Red1 {[%emt 0:05:51]} Qe7 {[%emt 0:05:11]} 36. Re1 {[%emt 0:06:12]} Qb7 {[%emt 0:03:24]} 1/2-1/2

[Event "1.FrauenBL 2016-17"]
[Site "Berlin"]
[Date "2017.04.29"]
[Round "11.1"]
[White "Amelang, Astrid"]
[Black "Jelica, Mara"]
[Result "0-1"]
[WhiteElo "2116"]
[BlackElo "2108"]
[Annotator "NA"]
[PlyCount "176"]
[EventDate "2017.??.??"]
[EventType "team-tourn"]
[EventCountry "GER"]
[SourceTitle "playchess.com"]
[Source "ChessBase"]
[SourceQuality "1"]
[WhiteTeam "SG Augsburg"]
[BlackTeam "SF Deizisau"]
[TimeControl "40/6000+30:3000+30"]

1. f4 {[%emt 1:30:26]} d5 {[%emt 1:30:19]} 2. Nf3 {[%emt 1:30:50]} c5 {[%emt 1:30:40]} 3. b3 {[%emt 1:30:58]} Nc6 {[%emt 1:30:08]} 4. Bb2 {[%emt 1:31:17]} Nf6 {[%emt 1:31:17]} 5. e3 {[%emt 1:31:21]} Bg4 {[%emt 1:28:35]} 6. Bb5 {[%emt 1:27:06]} Rc8 {[%emt 1:25:12] A03: Bird's Opening with 1...d5} 7. O-O {[%emt 1:25:12]} e6 {[%emt 1:23:13]} 8. h3 {[%emt 1:18:58]} Bxf3 {[%emt 1:21:01]} 9. Qxf3 {[%emt 1:16:45]} Be7 {[%emt 1:21:17]} ({Relevant:} 9... a6 10. Bxc6+ Rxc6 11. d3 Be7 12. Nd2 O-O 13. Qe2 {1-0 (40) Cabarkapa,N (2413)-Sekulic,D (2218) Kac 2016}) 10. d3 {[%emt 1:21:17]} O-O {[%emt 1:15:07]} 11. Bxc6 {[%emt 1:11:58]} Rxc6 {[%emt 1:19:32]} 12. Nd2 {[%emt 1:10:23]} Qb6 $146 {[%emt 1:11:47]} ({Predecessor (2):} 12... Ne8 13. e4 c4 14. dxc4 dxc4 {1-0 (40) Nothnagel,M (2255)-August,C (2137) Germany 2009}) 13. Qe2 {[%emt 0:56:03]} Nd7 {[%emt 1:08:19]} 14. c4 {[%emt 0:53:52]} Bf6 {[%emt 1:07:15]} 15. Bxf6 {[%emt 0:53:47]} Nxf6 {[%emt 1:07:30]} 16. e4 {[%emt 0:41:00]} Rd8 {[%emt 0:41:00]} 17. e5 {[%emt 0:59:23]} Ne8 {[%emt 0:57:26]} 18. Nf3 {[%emt 0:57:26]} Rc7 {[%emt 0:52:42]} 19. Rfd1 {[%emt 0:30:08]} Rcd7 {[%emt 0:52:18]} 20. Rac1 {[%emt 0:19:03]} Nc7 {[%emt 0:49:38]} 21. Rd2 {[%emt 0:14:17]} Na6 {[%emt 0:49:24]} 22. Rcd1 {[%emt 0:12:28]} Nb4 {[%emt 0:48:35]} 23. Kf1 {[%emt 0:10:51]} Nc6 {[%emt 0:48:36]} 24. Ke1 {[%emt 0:09:09]} Ne7 {[%emt 0:46:21]} 25. g4 {[%emt 0:07:42]} Qa5 {[%emt 0:45:13]} 26. Kf2 {[%emt 0:03:42]} Qb6 {[%emt 0:45:08]} 27. Qe3 {[%emt 0:45:08]} Nc6 {[%emt 0:43:47]} 28. Ke1 {[%emt 0:03:49]} Ne7 {[%emt 0:36:26]} 29. Kf2 {[%emt 0:03:39]} Rf8 {[%emt 0:35:55]} 30. Kg3 {[%emt 0:02:28]} Rdd8 {[%emt 0:34:35]} 31. Re1 {[%emt 0:02:22]} Qc7 {[%emt 0:33:14]} 32. Ng5 {[%emt 0:01:22]} h6 {[%emt 0:32:32]} 33. Nf3 {[%emt 0:01:50]} b6 {[%emt 0:28:18]} 34. Rf2 {[%emt 0:02:06]} Rd7 {[%emt 0:02:06]} 35. Rd2 {[%emt 0:02:27]} Rfd8 {[%emt 0:25:46]} 36. Red1 {[%emt 0:02:29]} a6 {[%emt 0:24:18]} 37. Qe2 {[%emt 0:01:19]} Rf8 {[%emt 0:21:06]} 38. Rf1 {[%emt 0:01:15]} Nc6 {[%emt 0:20:37]} 39. Re1 {[%emt 0:20:37]} Qd8 {[%emt 0:01:08]} 40. Qe3 {[%emt 0:00:30]} Ne7 {[%emt 0:16:25]} 41. Red1 {[%emt 0:25:04]} Qa8 {[%emt 0:40:53]} 42. Qe2 {[%emt 0:21:54]} Ng6 {[%emt 0:38:41]} 43. f5 {[%emt 0:16:09]} exf5 {[%emt 0:31:05]} 44. gxf5 {[%emt 0:16:28]} Ne7 {[%emt 0:30:33]} 45. f6 {[%emt 0:30:33]} Nf5+ {[%emt 0:24:41]} 46. Kh2 {[%emt 0:09:44]} g6 {[%emt 0:09:44]} 47. e6 {[%emt 0:07:54]} Qb8+ {[%emt 0:07:54]} 48. Qe5 {[%emt 0:07:41]} fxe6 {[%emt 0:12:19]} 49. Qxb8 {[%emt 0:06:51]} Rxb8 {[%emt 0:06:51]} 50. Ne5 {[%emt 0:06:52]} Rd6 {[%emt 0:06:52]} 51. Rg1 {[%emt 0:05:38]} g5 {[%emt 0:05:38]} 52. Rf2 {[%emt 0:04:32]} dxc4 {[%emt 0:04:32]} 53. dxc4 {[%emt 0:02:54]} Rf8 {[%emt 0:08:30]} 54. f7+ {[%emt 0:01:27]} Kg7 {[%emt 0:08:47]} 55. Re2 $1 $11 {[%emt 0:01:43]} Nh4 {[%emt 0:01:43]} 56. Rf2 {[%emt 0:06:48]} Nf5 {[%emt 0:01:27]} 57. Re1 {[%emt 0:01:12]} Rfd8 {[%emt 0:01:12]} 58. Rfe2 {[%emt 0:01:24]} Nh4 {[%emt 0:04:43]} 59. Kg3 {[%emt 0:01:39]} Ng6 {[%emt 0:01:39]} 60. Nxg6 {[%emt 0:01:51]} Kxg6 {[%emt 0:04:55]} 61. Rxe6+ {[%emt 0:02:06]} Kxf7 {[%emt 0:05:18]} 62. Re7+ {[%emt 0:01:37]} Kf6 {[%emt 0:04:50]} 63. R7e2 {[%emt 0:01:26]} Rd3+ {[%emt 0:01:26]} 64. Kg2 {[%emt 0:01:44]} Rd2 {[%emt 0:05:12]} 65. Rf1+ {[%emt 0:01:45]} Kg6 {[%emt 0:05:33]} 66. Rff2 {[%emt 0:01:58]} Rxe2 {[%emt 0:05:50]} 67. Rxe2 {[%emt 0:02:22]} Rd6 {[%emt 0:06:11]} 68. Kg3 {[%emt 0:01:40]} Rd3+ {[%emt 0:01:40]} 69. Kg2 {[%emt 0:06:11]} Kf5 {[%emt 0:06:03]} 70. Rf2+ {[%emt 0:02:15]} Ke5 {[%emt 0:06:09]} 71. Re2+ {[%emt 0:02:24]} Kd6 {[%emt 0:02:24]} 72. Rf2 {[%emt 0:01:55]} Re3 {[%emt 0:04:56]} 73. Rf6+ {[%emt 0:01:31]} Re6 {[%emt 0:05:24]} 74. Rf2 {[%emt 0:01:54]} b5 {[%emt 0:05:43]} 75. Rd2+ {[%emt 0:01:48]} Kc6 {[%emt 0:06:05]} 76. cxb5+ {[%emt 0:06:05]} axb5 {[%emt 0:05:44]} 77. Kf3 {[%emt 0:02:09]} c4 {[%emt 0:05:47]} 78. bxc4 {[%emt 0:01:58]} bxc4 {[%emt 0:01:58]} 79. Rc2 {[%emt 0:02:12]} Kc5 {[%emt 0:06:27]} 80. a3 {[%emt 0:00:53]} Kd4 {[%emt 0:06:38]} 81. Rd2+ {[%emt 0:01:07]} Kc3 {[%emt 0:06:46]} 82. Rd7 {[%emt 0:06:46]} Kb2 {[%emt 0:01:25]} 83. Rc7 {[%emt 0:01:02]} c3 {[%emt 0:05:01]} 84. a4 {[%emt 0:01:00]} Ra6 $19 {[%emt 0:03:43]} 85. Rb7+ {[%emt 0:01:00]} Kc1 {[%emt 0:03:38]} 86. Rb4 {[%emt 0:00:57]} c2 {[%emt 0:03:25]} 87. Ke2 {[%emt 0:01:16]} Re6+ {[%emt 0:01:16]} 88. Kf2 {[%emt 0:00:46]} Kd2 {[%emt 0:03:57]} 0-1

[Event "1.FrauenBL 2016-17"]
[Site "Berlin"]
[Date "2017.04.29"]
[Round "11.1"]
[White "Duessler, Stefanie"]
[Black "Sherif, Amina"]
[Result "1/2-1/2"]
[WhiteElo "2086"]
[BlackElo "2003"]
[Annotator "NA"]
[PlyCount "115"]
[EventDate "2017.??.??"]
[EventType "team-tourn"]
[EventCountry "GER"]
[SourceTitle "playchess.com"]
[Source "ChessBase"]
[SourceQuality "1"]
[WhiteTeam "SK Lehrte"]
[BlackTeam "TuRa Harksheide"]
[TimeControl "40/6000+30:3000+30"]

1. e4 {[%emt 1:30:27]} g6 {[%emt 1:30:14]} 2. d4 {[%emt 1:30:48]} Bg7 {[%emt 1:30:48]} 3. Nc3 {[%emt 1:31:08]} c6 {[%emt 1:29:35]} 4. Nf3 {[%emt 1:30:47]} d5 {[%emt 1:30:47]} 5. h3 {[%emt 1:28:28]} dxe4 {[%emt 1:28:48]} 6. Nxe4 {[%emt 1:28:48]} Nd7 {[%emt 1:28:52]} 7. Bc4 {[%emt 1:27:29]} Ngf6 {[%emt 1:28:38]} 8. Nxf6+ {[%emt 1:27:18]} Nxf6 {[%emt 1:28:49]} 9. O-O {[%emt 1:27:13]} O-O {[%emt 1:27:13]} 10. Re1 {[%emt 1:26:54]} b6 {[%emt 1:26:29]} 11. c3 {[%emt 1:25:22] B15: Caro-Kann: 3 Nc3: 3...g6 and 3...dxe4 4 Nxe4 Nf6 5 Nxf6+ exf6} ({Relevant:} 11. Ne5 Bb7 12. Bg5 Nd5 13. Bh4 Rc8 14. Qf3 g5 15. Bg3 e6 16. Bb3 Qf6 17. Qh5 Nf4 18. Bxf4 Qxf4 {½-½ (43) Leko,P (2737)-Kamsky,G (2763) Beijing 2013}) 11... Bb7 {[%emt 1:17:42]} 12. Bg5 {[%emt 1:17:42]} Qc7 {[%emt 1:08:32]} 13. Ne5 $146 {[%emt 1:08:32]} ({Predecessor (2):} 13. Qe2 e6 14. Ne5 Nd5 15. Bxd5 exd5 16. Ng4 f5 17. Nh6+ Kh8 18. Qe6 f4 {½-½ (50) Soskov,V (2291)-Burmakin,V (2574) Tallinn 2014}) 13... Nd5 {[%emt 0:56:22]} 14. Ng4 {[%emt 0:56:22]} e6 {[%emt 0:45:55]} 15. Bxd5 {[%emt 1:08:45]} cxd5 {[%emt 0:45:15]} 16. Bf6 {[%emt 1:08:58]} Bxf6 {[%emt 1:08:58]} 17. Nxf6+ {[%emt 1:09:10]} Kg7 {[%emt 0:42:41]} 18. Qf3 {[%emt 1:08:56]} Qe7 {[%emt 0:34:24]} 19. Ng4 $1 {[%emt 1:09:18]} ({Don't go for} 19. Nxd5 $2 Qd8 20. c4 exd5 $19) 19... b5 {[%emt 0:33:35]} (19... f6 $14) 20. Re3 {[%emt 1:08:31]} Rab8 {[%emt 1:08:31]} 21. Rae1 {[%emt 0:31:45]} Bc6 {[%emt 1:07:48]} 22. Qf4 {[%emt 1:00:00]} Rbe8 {[%emt 0:23:31]} (22... Bd7 $142 23. Qe5+ f6 24. Qxd5 Rfe8) 23. Ne5 {[%emt 0:50:47]} Bd7 {[%emt 0:21:57]} 24. Nd3 {[%emt 0:48:15]} Bc6 {[%emt 0:19:23]} 25. Nc5 {[%emt 0:41:42]} Rb8 {[%emt 0:18:02]} 26. a3 {[%emt 0:39:00]} a5 {[%emt 0:17:19]} 27. b4 {[%emt 0:38:51]} Ra8 {[%emt 0:38:51]} 28. h4 {[%emt 0:37:58]} h6 $2 {[%emt 0:15:39]} (28... axb4 $16 {keeps fighting.} 29. cxb4 (29. axb4 h5 $16) 29... h5) 29. h5 {[%emt 0:32:44]} g5 {[%emt 0:14:43]} 30. Qe5+ {[%emt 0:14:43]} Kh7 {[%emt 0:32:40]} 31. g4 {[%emt 0:29:41]} Ra7 {[%emt 0:13:06]} (31... axb4 $142 32. cxb4 (32. axb4 Ra7 $14) 32... Ra7) 32. Rf3 {[%emt 0:29:04]} axb4 {[%emt 0:11:33]} 33. cxb4 {[%emt 0:11:33]} Rfa8 {[%emt 0:11:20]} 34. Ree3 {[%emt 0:28:58]} Qc7 {[%emt 0:28:58]} 35. Qf6 {[%emt 0:28:12]} Qe7 {[%emt 0:28:12]} 36. Qxe7 {[%emt 0:23:28]} Rxe7 {[%emt 0:09:41]} 37. Rc3 {[%emt 0:23:47]} Be8 {[%emt 0:09:36]} 38. Nd3 {[%emt 0:20:43]} Rea7 {[%emt 0:05:43]} 39. Ne5 {[%emt 0:05:43]} Kg7 {[%emt 0:20:13]} 40. Rfe3 {[%emt 0:19:10]} Kf8 {[%emt 0:02:58]} 41. Kf1 {[%emt 0:17:12]} Ke7 {[%emt 0:23:46]} 42. Ke1 {[%emt 0:44:56]} Kd6 {[%emt 0:23:01]} 43. Rf3 {[%emt 0:23:01]} Ke7 {[%emt 0:22:58]} 44. Nc6+ {[%emt 0:26:19]} Bxc6 {[%emt 0:23:13]} 45. Rxc6 {[%emt 0:26:47]} Rxa3 {[%emt 0:19:20]} 46. Rc7+ {[%emt 0:19:20]} Kd6 {[%emt 0:14:55]} 47. Rfxf7 {[%emt 0:25:55]} Rd8 {[%emt 0:15:21]} 48. Rb7 {[%emt 0:24:33]} Kc6 {[%emt 0:15:29]} 49. Rfc7+ {[%emt 0:24:21]} Kd6 {[%emt 0:15:54]} 50. Rc2 {[%emt 0:21:05]} Rd3 {[%emt 0:11:50]} 51. Rb6+ {[%emt 0:21:18]} Ke7 {[%emt 0:09:45]} 52. Rd2 {[%emt 0:19:15]} Rxd2 {[%emt 0:08:40]} ({Black should play} 52... Rf3 $11) 53. Kxd2 {[%emt 0:19:37]} Ra8 {[%emt 0:09:05]} 54. Rxb5 {[%emt 0:19:00]} Ra2+ {[%emt 0:09:30]} 55. Ke3 {[%emt 0:19:22]} Ra3+ {[%emt 0:19:22]} 56. Ke2 {[%emt 0:19:50]} Ra2+ {[%emt 0:09:34]} 57. Kf3 {[%emt 0:20:12]} Ra3+ $11 {[%emt 0:20:12]} 58. Ke2 {[%emt 0:10:27]} 1/2-1/2

[Event "1.FrauenBL 2016-17"]
[Site "Berlin"]
[Date "2017.04.29"]
[Round "11.2"]
[White "Muzychuk, Anna"]
[Black "Mkrtchian, Lilit"]
[Result "1-0"]
[WhiteElo "2587"]
[BlackElo "2425"]
[Annotator "TA"]
[PlyCount "93"]
[EventDate "2017.??.??"]
[EventType "team-tourn"]
[EventCountry "GER"]
[SourceTitle "playchess.com"]
[Source "ChessBase"]
[SourceQuality "1"]
[WhiteTeam "OSG Baden-Baden"]
[BlackTeam "SC Bad Königshofen"]

{[%evp 16,93,0,0,0,0,0,0,0,0,0,5,55,53,43,64,67,43,50,58,54,56,58,39,81,83,137,95,89,87,251,191,189,179,441,388,265,166,177,162,168,179,177,165,170,168,153,158,159,132,203,207,268,168,152,0,268,265,399,375,457,247,288,0,401,0,277,15,285,273,264,236,242,185,1285,1270,29978,29979,29987,29988]} 1. e4 c6 2. d4 d5 3. e5 Bf5 4. h4 h5 5. Bd3 {B12: Caro-Kann: Advance Variation} Bxd3 6. Qxd3 Qa5+ (6... e6 7. Bg5 Be7 8. Nf3 Nh6 9. Nc3 Nf5 10. Ne2 c5 11. dxc5 Qa5+ 12. c3 Qxc5 13. Bxe7 Kxe7 14. Ned4 Nxd4 15. Nxd4 {0-1 (32) Adams,M (2761)-Svidler,P (2741) Shenzhen 2017}) 7. Nd2 e6 8. Ngf3 Qa6 9. c4 {LiveBook: 7 Games} Ne7 10. O-O Nf5 11. b3 Be7 12. a4 Nd7 13. Ba3 c5 (13... Bxh4 $5 14. b4 (14. Nxh4 Nxh4 15. Qc3 Rh6 $11) 14... Be7 $11) 14. Qb1 $146 ({Predecessor:} 14. Qc2 cxd4 15. cxd5 Bxa3 16. Rxa3 {1-0 (32) Hecht,H (2485)-Reicher,E Wijk aan Zee 1973}) 14... dxc4 15. Nxc4 O-O 16. Rd1 Rfd8 17. d5 {[%cal Bd4d5,Bd5d6][%mdl 32]} Nxh4 18. Nxh4 Bxh4 19. Qe4 Be7 20. d6 {[%mdl 1024] White has strong compensation.} Bf8 ({Black should play} 20... Bg5) 21. Rd3 g6 22. Re1 Bg7 $2 (22... Bh6 $16) 23. Bc1 Qc6 24. Qh4 b6 $2 (24... Kh7 25. g4 Bh6) 25. Bg5 Re8 26. Qf4 a6 {intending ...b5.} 27. Be7 b5 28. Nd2 Rac8 29. axb5 axb5 30. Rf3 Rf8 ({Wrong is} 30... Kh8 $2 31. Qxf7 Qd5 32. Bg5 Nxe5 33. Rxe5 $1 {[%mdl 512]} Qxe5 34. d7 Qxg5 35. dxe8=Q+ $18) 31. Bxf8 Rxf8 32. Rfe3 Qd5 (32... Nb6 $16 33. Ra1 Nd5) 33. Nf3 $18 Ra8 34. Ng5 Rf8 35. Nf3 (35. Qg3 $16) 35... Ra8 $1 36. g4 ({But not} 36. Ng5 $6 Rf8 37. Nf3 $16) 36... hxg4 {[#]} (36... h4 {was necessary.} 37. Nxh4 Nb8) 37. Ng5 $1 Rf8 {If Black can now play ...f6 this consolidates a bit.} 38. Qh2 (38. Qxg4 $142 Bh6 39. Qh4 Bxg5 40. Qxg5) 38... Ra8 39. Qf4 Rf8 $1 {If only Black now had time for ...f6....} 40. Qh2 {[%csl Gg5][%cal Rh2h7]} Ra8 {[#]} 41. Qh7+ $1 Kf8 42. Re4 Qd2 43. Qh4 $40 {[%mdl 128] White attacks with force.} g3 44. Qxg3 {R4e2 is the strong threat.} Ra2 $2 {[#]} (44... Bh6) 45. R4e2 $1 {[%mdl 512]} Qb4 (45... Qxe2 46. Rxe2) 46. Qf3 {[%csl Gg5][%cal Rf3f7]} Nxe5 47. Rxe5 {Precision: White = 72%, Black = 59%.} 1-0

[Event "1.FrauenBL 2016-17"]
[Site "Berlin"]
[Date "2017.04.29"]
[Round "11.2"]
[White "Hoolt, Sarah"]
[Black "Troyke, Doreen"]
[Result "1-0"]
[WhiteElo "2398"]
[BlackElo "2091"]
[Annotator "NA"]
[PlyCount "87"]
[EventDate "2017.??.??"]
[EventType "team-tourn"]
[EventCountry "GER"]
[SourceTitle "playchess.com"]
[Source "ChessBase"]
[SourceQuality "1"]
[WhiteTeam "Hamburger SK"]
[BlackTeam "SV Medizin Erfurt"]
[TimeControl "40/6000+30:3000+30"]

1. e4 {[%emt 1:30:30]} c5 {[%emt 1:30:24]} 2. Nc3 {[%emt 1:30:24]} Nc6 {[%emt 1:30:43]} 3. Bb5 {[%emt 1:31:16]} g6 {[%emt 1:30:48]} 4. Bxc6 {[%emt 1:30:48]} dxc6 {[%emt 1:31:14]} 5. f4 {[%emt 1:31:52]} Bg7 {[%emt 1:31:28] B23: Closed Sicilian: Lines without g3} 6. d3 {[%emt 1:31:28]} (6. Nf3 h5 7. d3 Nh6 8. h3 O-O 9. O-O b5 10. Be3 c4 11. dxc4 Qxd1 12. Raxd1 bxc4 13. Ne5 {1-0 (34) Jovanovic,Z (2534)-Naiditsch,A (2687) Tallinn 2016}) 6... Nf6 {[%emt 1:31:23]} 7. Be3 {[%emt 1:31:40]} b6 {[%emt 1:30:33]} 8. h3 {[%emt 1:30:33]} Nd7 {[%emt 1:28:44]} 9. Nf3 {[%emt 1:29:13]} Qc7 {[%emt 1:25:53]} 10. Qd2 {[%emt 1:28:11]} Bb7 $146 {[%emt 1:25:17]} (10... a5 11. O-O O-O 12. f5 Ne5 13. Bh6 a4 14. Bxg7 Kxg7 {1-0 (40) Hoolt,S (2322)-Lubbe,N (2503) Lueneburg 2016}) 11. a4 {[%emt 1:28:16]} a5 {[%emt 1:22:37]} 12. O-O-O {[%emt 1:16:24]} O-O-O {[%emt 1:20:54]} 13. Ng5 {[%emt 1:11:23]} Rdf8 {[%emt 1:11:23]} 14. e5 {[%emt 1:01:48]} h6 {[%emt 1:11:18]} 15. Nf3 {[%emt 1:01:50]} Rd8 {[%emt 1:07:00]} 16. Rhe1 {[%emt 0:57:30]} Nf8 {[%emt 1:00:08]} 17. Qf2 {[%emt 1:00:08]} Kb8 {[%emt 0:50:01]} 18. d4 {[%emt 0:56:21]} cxd4 {[%emt 0:56:21]} 19. Nxd4 {[%emt 0:47:36]} Rc8 $2 {[%emt 0:41:32] [#]} (19... Nd7 20. Kb1 (20. e6 Nc5 $16) 20... Rhf8) 20. Nb3 $2 {[%emt 0:49:30]} (20. Ne6 $1 $18 {[%mdl 512] and White stays clearly on top.} Nxe6 (20... fxe6 21. Bxb6) 21. Bxb6) 20... c5 {[%emt 0:35:29]} 21. g4 {[%emt 0:39:54]} h5 {[%emt 0:30:46]} (21... Bc6 $16) 22. Nd5 {[%emt 0:35:41]} Bxd5 {[%emt 0:35:41]} 23. Rxd5 {[%emt 0:36:05]} Qc6 {[%emt 0:36:05]} 24. Red1 {[%emt 0:36:23]} Qxa4 {[%emt 0:23:50]} 25. Kb1 {[%emt 0:36:20]} hxg4 $2 {[%emt 0:20:28] [#]} (25... Ne6 $1 $14) 26. hxg4 $2 {[%emt 0:36:06]} ({White has to play} 26. Bxc5 $1 $18 {[%mdl 512]} bxc5 27. Rxc5) 26... Ne6 {[%emt 0:19:23]} 27. Qg3 {[%emt 0:19:23]} Qe4 {[%emt 0:12:55]} 28. Rd7 {[%emt 0:10:31]} g5 {[%emt 0:08:04]} 29. f5 {[%emt 0:06:05]} Nd4 {[%emt 0:06:02]} 30. Bxd4 {[%emt 0:05:17]} cxd4 {[%emt 0:06:13]} 31. Nxd4 {[%emt 0:06:13]} Bxe5 {[%emt 0:03:20]} 32. Qb3 {[%emt 0:05:14]} Bxd4 {[%emt 0:03:13]} 33. R1xd4 {[%emt 0:05:01]} Qc6 {[%emt 0:02:56]} 34. Rxe7 {[%emt 0:03:53]} Qc5 {[%emt 0:01:48]} 35. Rdd7 {[%emt 0:03:31]} Rc6 {[%emt 0:01:31]} 36. Rb7+ {[%emt 0:02:54]} Kc8 {[%emt 0:00:59]} 37. Ra7 {[%emt 0:03:03]} Kd8 {[%emt 0:01:06]} 38. Red7+ {[%emt 0:02:52]} (38. Qd3+ $142 Rd6 39. Rad7+ (39. Rxf7 Rxd3 40. Ra8+ Qc8 41. Rxc8+ Kxc8 $11) 39... Kc8 40. Qa6+ (40. Qxd6 $2 {perishes.} Rh1+ 41. Qd1 Rxd1+ 42. Rxd1 Qxe7 $19) 40... Kb8 41. Qb7#) 38... Kc8 {[%emt 0:01:14]} 39. Rxf7 {[%emt 0:03:15]} Kb8 {[%emt 0:00:36]} 40. Rfb7+ {[%emt 0:02:17]} Kc8 {[%emt 0:01:01]} 41. Rh7 {[%emt 0:01:01]} Kb8 $18 {[%emt 0:00:28]} 42. Qg3+ {[%emt 0:29:23]} Rd6 {[%emt 0:28:26]} 43. Rhb7+ {[%emt 0:28:26]} Kc8 {[%emt 0:29:11]} 44. Rc7+ {[%emt 0:28:42]} 1-0

[Event "1.FrauenBL 2016-17"]
[Site "Berlin"]
[Date "2017.04.29"]
[Round "11.2"]
[White "Lauterbach, Ingrid"]
[Black "Braun, Elina"]
[Result "1/2-1/2"]
[WhiteElo "2101"]
[BlackElo "1948"]
[Annotator "NA"]
[PlyCount "78"]
[EventDate "2017.??.??"]
[EventType "team-tourn"]
[EventCountry "GER"]
[SourceTitle "playchess.com"]
[Source "ChessBase"]
[SourceQuality "1"]
[WhiteTeam "SF Deizisau"]
[BlackTeam "SG Augsburg"]
[TimeControl "40/6000+30:3000+30"]

1. Nf3 {[%emt 1:30:27]} Nf6 {[%emt 1:30:15]} 2. g3 {[%emt 1:30:51]} d5 {[%emt 1:29:51]} 3. Bg2 {[%emt 1:31:09]} c5 {[%emt 1:31:09]} 4. d3 {[%emt 1:31:08]} Nc6 {[%emt 1:30:24]} 5. Nbd2 {[%emt 1:30:24]} Bg4 {[%emt 1:29:08] A08: King's Indian Attack} 6. h3 {[%emt 1:29:23]} Bh5 {[%emt 1:29:29]} 7. c4 {[%emt 1:29:29]} (7. g4 Bg6 8. Nh4 e6 9. e3 Be7 10. Qe2 Nd7 11. Nxg6 hxg6 12. a3 Qc7 13. c4 {1-0 (43) Shchekachev,A (2531)-Wojtaszek,R (2734) Berlin 2015}) 7... e5 $146 {[%emt 1:18:55]} (7... e6 8. O-O Be7 9. cxd5 exd5 10. d4 c4 11. Nb1 Bxf3 12. Bxf3 b5 13. Bg5 {1-0 (36) Haub,T (2454)-Iglesias,J (2178) Vandoeuvre 2008}) 8. Qa4 {[%emt 1:03:01]} Bxf3 {[%emt 1:03:24]} 9. Nxf3 {[%emt 1:00:27]} Qd6 {[%emt 0:53:36]} 10. O-O {[%emt 0:56:22]} Be7 {[%emt 0:52:38]} 11. a3 {[%emt 0:46:29]} O-O {[%emt 0:49:58]} 12. Nh4 {[%emt 0:39:57]} Rfe8 {[%emt 0:35:34]} 13. Nf5 {[%emt 0:34:44]} Qd7 {[%emt 0:35:07]} 14. Nxe7+ {[%emt 0:27:55]} Rxe7 {[%emt 0:34:51]} 15. Bg5 {[%emt 0:27:35]} e4 {[%emt 0:29:14]} (15... Nd4 $14 16. Qd1 dxc4) 16. cxd5 {[%emt 0:26:36]} Qxd5 {[%emt 0:28:19]} 17. Bxf6 {[%emt 0:26:29]} gxf6 {[%emt 0:28:24]} 18. Bxe4 {[%emt 0:26:39]} Qe6 {[%emt 0:27:45]} 19. g4 {[%emt 0:22:57]} Nd4 {[%emt 0:23:47]} 20. e3 {[%emt 0:22:51]} f5 {[%emt 0:23:39]} 21. gxf5 {[%emt 0:19:53]} Nxf5 {[%emt 0:23:51]} 22. Bf3 {[%emt 0:18:13]} Kh8 {[%emt 0:21:41]} 23. Kh1 {[%emt 0:17:48]} Nxe3 {[%emt 0:17:48]} 24. Qh4 {[%emt 0:13:41]} Nxf1 {[%emt 0:17:58]} 25. Rxf1 {[%emt 0:14:06]} Rae8 {[%emt 0:15:09]} 26. d4 {[%emt 0:15:09]} Qf5 {[%emt 0:13:38]} 27. Bg2 {[%emt 0:10:56]} Re1 {[%emt 0:12:01]} 28. dxc5 {[%emt 0:11:14]} Rxf1+ {[%emt 0:10:16]} 29. Bxf1 {[%emt 0:11:38]} Qe4+ {[%emt 0:10:33]} 30. Qxe4 {[%emt 0:11:35]} Rxe4 {[%emt 0:11:35]} 31. Bg2 {[%emt 0:11:08]} Re1+ {[%emt 0:10:27]} 32. Kh2 {[%emt 0:11:33]} Re2 {[%emt 0:10:49]} 33. Bxb7 {[%emt 0:11:54]} Rxf2+ {[%emt 0:11:06]} 34. Kg3 {[%emt 0:11:06]} Rxb2 {[%emt 0:11:24]} 35. c6 $11 {[%emt 0:12:43]} Rb3+ {[%emt 0:09:15]} 36. Kf4 {[%emt 0:12:50]} Rxa3 {[%emt 0:09:35]} 37. c7 {[%emt 0:13:06]} Rc3 {[%emt 0:10:01]} 38. c8=Q+ {[%emt 0:13:29]} Rxc8 {[%emt 0:10:23]} 39. Bxc8 {[%emt 0:13:54]} a5 {[%emt 0:10:30]} 1/2-1/2